| 000 | 00387nam a22001457a 4500 | ||
|---|---|---|---|
| 999 |
_c531559 _d531559 |
||
| 003 | NUST | ||
| 020 |
_a9879777972 _qH/B. |
||
| 038 | _awaseem | ||
| 082 |
_a709.82 _bMAG |
||
| 100 |
_aMagrini, Cesar _924407 |
||
| 245 |
_aEi Arte Argentino: _bAgentine Art & its Personalities / _cCesar Magrini |
||
| 260 |
_aBuenos Aires : _bInstitucionales, _c2005. |
||
| 300 | _a340 p. ; | ||
| 942 |
_2ddc _cBK |
||